Sports Stars by Picture and Letter - 'K' - Statistics

General Stats
  • This quiz has been taken 98 times
  • The average score is 6 of 20
Answer Stats
Picture Hint Answer % Correct
Association Football : Brazil Kaka
69%
Tennis : United States Billie Jean King
63%
Boxing : Ukraine Vitali Klitschko
61%
Cricket : Pakistan Imran Khan
50%
Association Football : Australia Sam Kerr
44%
Association Football : Argentina Mario Kempes
42%
Athletics : Kenya Eliud Kipchoge
38%
Tennis : Brazil Gustavo Keurten
37%
Cricket : India Virat Kohli
33%
Association Football : Georgia Kvicha Kvaratskhelia
32%
Tennis : Russia Yevgeny Kafelnikov
32%
Tennis : Czech Republic Petra Kvitova
31%
Tennis : Czechoslovakia Jan Kodes
21%
Tennis : Russia Svetlana Kuznetsova
18%
Athletics : Denmark / Kenya Wilson Kipketer
15%
Athletics : Kenya Faith Kipyegon
12%
Downhill Skiing : Croatia Janica Kostelić
12%
Speed Skating : Netherlands Sven Kramer
11%
Athletics : Poland Robert Korzeniowski
8%
Swimming : Japan Kosuke Kitajima
6%
No matching quizzes found
Score Distribution
Percent of People with Each Score
Percentile by Number Answered
Your Score History
You have not taken this quiz